Beurteilen-Entscheiden-Handeln Beitrag zur Theorie, Methodik und Anwendung der Operationsforschung

Saved in:
Bibliographic Details
Main Author: Hobiger, Heinz
Other Authors: Lutze, Werner
Format: Book
Language:German
Published: Berlin Militärverlag der DDR 1985
Edition:1. Aufl.
Tags: Add Tag
No Tags, Be the first to tag this record!

MARC

LEADER 00000nam a2200000 4500
001 c024111
005 20221220075129.2
041 0 |a ger 
044 |a DE 
245 1 0 |a Beurteilen-Entscheiden-Handeln  |b Beitrag zur Theorie, Methodik und Anwendung der Operationsforschung  |c Heinz Hobiger, Werner Lutze 
250 |a 1. Aufl. 
264 1 |a Berlin  |b Militärverlag der DDR  |c 1985 
300 |a 369 s. 
100 1 |a Hobiger, Heinz 
700 1 |a Lutze, Werner